000 00883cam a2200289 4500
001 ABS64800
008 011120n2001 000 0 eng u
035 _a(Sirsi) u115648
100 _aWebb, S.
245 _aTaking flight
260 _c2001
490 _aHousing Today
_v(259) 8 November 2001, 19(1)
520 _aArgues that transfers should give communities the opportunity to re-shape homes, services and organisations, and not just be about moving housing management from one landlord to another.
590 _aABS
650 _aTRANSFERS
650 _aCOMMUNITIES
650 _aSERVICES
650 _aORGANISATIONS
650 _aTENANTS
650 _aHOUSING MANAGEMENT
650 _aLANDLORDS
650 _aCOMMUNITY HOUSING TASK FORCE
650 _aNATIONAL HOUSING FEDERATION
650 _aDTLR
690 _aAffordable housing
_96215
942 _n0
999 _c68873
_d68873